Supercomputation in nonlinear and disordered systems : algorithms, applications and architectures, Madrid, Spain, September 23-28, 1996
Guardado en:
| Otros Autores: | , , |
|---|---|
| Formato: | Desconocido |
| Lenguaje: | English |
| Publicado: |
Singapore ; River Edge, NJ : World Scientific,
c1997. c1996.
|
| Etiquetas: |
Agregar Etiqueta
Sin Etiquetas, Sea el primero en etiquetar este registro!
|
MARC
| LEADER | 00000 a2200000 4500 | ||
|---|---|---|---|
| 003 | 002491 | ||
| 005 | 20221231143808.0 | ||
| 008 | 140114s1996 si a 000 ||eng d | ||
| 040 | |c cru CEDI | ||
| 082 | |a 004.11 S959s | ||
| 245 | |a Supercomputation in nonlinear and disordered systems : algorithms, applications and architectures, Madrid, Spain, September 23-28, 1996 | ||
| 260 | |c c1997. c1996. |a Singapore ; River Edge, NJ : World Scientific, | ||
| 300 | |a xvii, 400 páginas : ilustraciones ; 23 cm. | ||
| 700 | |a Vázquez, Luis |9 21582 | ||
| 700 | |9 21580 |a Tirado, Francisco. | ||
| 700 | |9 21581 |a Martin, Ignacio. | ||
| 942 | |2 ddc |c BK | ||
| 999 | |c 12110 |d 12110 | ||
